000 00342 a2200157 4500
001 154872
040 _cEscola São Tomás de Aquino
100 _aLUZ, Antônio Máximo da
240 1 0 _aCurso de Física
_lpor
245 1 0 _aCurso de Física
300 _a391
362 0 _a2005
440 1 _aScipione
697 _aFÍSICA
942 _cBK
999 _c154872
_d154872